000 00673nam a2200205Ii 4500
003 JO-AjNU
008 230605s9999||||xx |||||||||||||| ||und||
040 _aJO-AjNU
_bara
_erda
_cJO-AjNU
041 _aara
050 1 4 _aQA300 1992
100 3 _aبدارنة ،انور/ م مشارك سمير ابو علي ,
_eauthor
_915314
245 0 0 _aمقدمة في التحليل الحقيقي
250 _aط1
264 3 1 _aاربد:دار الامل ، 1992
300 _a220ص
336 _atext
_btxt
_2rdacontent
337 _aunmediated
_bn
_2rdamedia
338 _avolume
_bnc
_2rdacarrier
650 4 _aالتحليل الرياضي- التحليل العددي
_915315
999 _aA4294
_c7862
_d7862